000 00401 a2200133 4500
005 20250619052738.0
020 _a998703093-9
082 _a384 MWA
100 _aMWAKAJINGA, L.K.
245 _aComprehensive Communication Skills for College and University: Principle and Practice.
260 _aDar es Salaam,
_bKarljamer Publishers
_c2021.
300 _axv,198p.; ill.; picture
_c24cm
942 _2ddc
_cBKS
999 _c4334
_d4334